| 000 | 00495nam a2200169Ia 4500 | ||
|---|---|---|---|
| 999 |
_c35926 _d35926 |
||
| 003 | OSt | ||
| 005 | 20201209102042.0 | ||
| 008 | 190216s9999||||xx |||||||||||||| ||und|| | ||
| 040 | _coclc | ||
| 082 |
_a032.02 _bARD/T |
||
| 100 |
_aArdley, Bridget _97311 |
||
| 245 | 4 |
_aThe Giant Book Of Facts / _cBridget Ardley |
|
| 260 |
_bOctopus Books Ltd, _c1987. _aLondon: |
||
| 300 | _a314p | ||
| 650 | _aThe Giant Book Of Facts | ||
| 942 |
_cREF _2ddc _h032.02 _iARD/T _k032.02 _mARD/T |
||